Putin a Orbán zahalili svoje rozhovory plynom a jadrom
Postoj Vladimíra Putina a Viktora Orbána k Európskej únii. Sklamanie Orbána zo sprievodných procesov globalizácie a z integračného presúvania kompetencií národných štátov na nadnárodné inštitúcie. V. Putin ako jediná spriaznená osobnosť. Odmietanie liberálnej demokracie. Strenutie dvoch štátnikov a...
Salvato in:
| Autore principale: | |
|---|---|
| Natura: | Capitolo di libro |
| Lingua: | slovacco |
| Soggetti: | |
| Tags: |
Nessun Tag, puoi essere il primo ad aggiungerne!!
|
MARC
| LEADER | 00000naa a2200000 4500 | ||
|---|---|---|---|
| 001 | 0227187 | ||
| 005 | 20170217091010.8 | ||
| 041 | 0 | |a slo | |
| 044 | |a SK | ||
| 245 | 1 | 0 | |a Putin a Orbán zahalili svoje rozhovory plynom a jadrom |c Adrian Peter Pressburg |
| 520 | |a Postoj Vladimíra Putina a Viktora Orbána k Európskej únii. Sklamanie Orbána zo sprievodných procesov globalizácie a z integračného presúvania kompetencií národných štátov na nadnárodné inštitúcie. V. Putin ako jediná spriaznená osobnosť. Odmietanie liberálnej demokracie. Strenutie dvoch štátnikov a rokovania o energetike, budovaní plynovodov a výstavbe jadrových reaktorov. Roztáčanie kolies zbrojného priemyslu. | ||
| 610 | 2 | 0 | |a politika zahraničná |
| 610 | 2 | 0 | |a politika medzinárodná |
| 610 | 2 | 0 | |a spolupráca hospodárska medzinárodná |
| 610 | 2 | 0 | |a vzťahy medzinárodné |
| 610 | 2 | 0 | |a Maďarsko |
| 610 | 2 | 0 | |a Rusko |
| 610 | 2 | 0 | |a Európska únia |
| 100 | 1 | |a Pressburg, Adrian Peter | |